[Event "MCR mladeze 2019 - H14"]
[Site "Kouty nad Desnou"]
[Date "2019.03.16"]
[Round "9"]
[White "Gnojek, Petr"]
[Black "Dudek, Vojtech"]
[Result "1/2-1/2"]
[WhiteElo "2147"]
[BlackElo "2025"]
[EventDate "2019.03.09"]

1. d4  d5  2. c4  e6
3. Nc3  Nf6  4. Nf3
Be7  5. Bg5  O-O
6. e3  b6  7. cxd5
Nxd5  8. Bxe7  Qxe7
9. Nxd5  exd5  10. Bd3
Be6  11. Rc1  h6
12. O-O  c5  13. Ne5
c4  14. Bb1  Nd7
15. f4  Nxe5  16. fxe5
Qg5  17. Rc3  f6
18. Qc2  f5  19. Rf4
b5  20. Qf2  Rf7
21. h4  Qh5  22. Rc1
Raf8  23. Rf1  g5
24. Rf3  Qxh4  25. Qxh4
gxh4  26. Rf4  b4
27. Rxh4  Kg7  28. Rf3
Rh8  29. Rg3+  Kh7
30. Rg5  Rg7  31. Bxf5+
Bxf5  32. Rxf5  Rhg8
33. Rf2  c3  34. Rhf4
Rc8  35. Rc2  a5
36. Rf1  Rgc7  37. bxc3
Rxc3  38. Re2  a4
39. Rf7+  Kg8  40. Rb7
b3  41. axb3  Rxb3
42. Ra7  a3  43. e4
Rb2  44. Kf2  Rf8+
45. Ke3  Rb3+  46. Kd2
Rb2+  47. Kd3  Rb3+
48. Kc2  1/2-1/2

[Event "MCR mladeze 2019 - H14"]
[Site "Kouty nad Desnou"]
[Date "2019.03.16"]
[Round "9"]
[White "Skypala, Ondrej"]
[Black "Stalmach, Richard"]
[Result "1-0"]
[WhiteElo "2013"]
[BlackElo "2117"]
[EventDate "2019.03.09"]

1. e4  d6  2. c4  Nf6
3. Nc3  c5  4. Nge2
Nc6  5. d4  cxd4
6. Nxd4  g6  7. Be2
Bg7  8. Be3  O-O
9. O-O  Nd7  10. Qd2
Nde5  11. f4  Ng4
12. Bxg4  Bxg4  13. Nxc6
bxc6  14. f5  gxf5
15. h3  f4  16. Rxf4
Be6  17. Rh4  f5
18. exf5  Bxf5  19. Rf1
Bg6  20. Rxf8+  Qxf8
21. Rf4  Qc8  22. b3
Qe6  23. Ne2  d5
24. Rg4  Qf7  25. Bh6
e5  26. Bxg7  Kxg7
27. h4  Kh8  28. Ng3
Qe6  29. Qe2  Rg8
30. h5  Bf7  31. Rxg8+
Kxg8  32. Qe3  d4
33. Qg5+  Kf8  34. Nf5
c5  35. Qg7+  Ke8
36. Qxh7  Qf6  37. Nh6
Bxh5  38. Ng8  Qf7
39. Qxh5  Kf8  40. Qxf7+
Kxf7  41. Nh6+  Kg6
42. Ng4  Kf5  43. Nxe5
Kxe5  44. Kf2  Kf4
45. Ke2  Ke4  46. Kd2
Kf4  47. Kd3  Ke5
48. g3  a6  49. a3
a5  50. a4  Kf5
51. b4  1-0

[Event "MCR mladeze 2019 - H14"]
[Site "Kouty nad Desnou"]
[Date "2019.03.16"]
[Round "9"]
[White "Jares, Michal"]
[Black "Nguyen, Thai Dai Vinh"]
[Result "1/2-1/2"]
[WhiteElo "1950"]
[BlackElo "1936"]
[EventDate "2019.03.09"]

1. d4  Nf6  2. Nf3  e6
3. g3  b5  4. Bg2
Bb7  5. a4  b4
6. c4  d5  7. Ne5  Nbd7
8. O-O  c5  9. Bg5
Be7  10. a5  a6
11. Bxf6  Bxf6  12. Nxd7  Qxd7
13. dxc5  Be7  14. Qd4
O-O  15. cxd5  Bxd5
16. Bxd5  Qxd5  17. Qxd5
exd5  18. Rd1  Rfd8
19. Nd2  Bxc5  20. Nb3
Be7  21. Rac1  Bf6
22. Nd4  g6  23. b3
Re8  24. Rc5  Bxd4
25. Rxd4  Rxe2  26. Rxb4
Rd2  27. Rc7  Ra2
28. Rbb7  Rf8  29. b4
d4  30. Rd7  Rd2
31. Rb6  d3  32. Rbd6
Rb2  33. Rxd3  Rxb4
34. R3d6  Rb5  35. Rxa6
Rf5  36. Raa7  Rb8
37. Rd2  Rb1+  38. Kg2
Ra1  39. a6  Rf6
40. Ra8+  Kg7  41. a7
Rfa6  42. Rd7  R1a2
43. Kf3  Rf6+  44. Ke3
Re6+  45. Kd3  Ra3+
46. Kc4  Ra4+  47. Kb5
Rea6  48. Rb7  R4a5+
49. Kc4  Ra4+  50. Kc5
R4a5+  51. Rb5  Ra1
52. Rb7  R1a5+  53. Kd4
Ra4+  54. Ke3  Ra3+
55. Ke2  Ra2+  56. Kd3
R2a3+  57. Kc2  Ra2+
58. Rb2  R2a5  59. f4
Rxa7  60. Rxa7  Rxa7
61. Kd3  h5  62. Ke4
Ra4+  63. Kf3  Ra3+
64. Kg2  Kf6  65. h3
Ra4  66. Rf2  Kf5
67. Re2  Ra5  68. Re3
h4  69. gxh4  Ra4
70. Kg3  Rxf4  71. Re7
f6  72. Rb7  1/2-1/2

[Event "MCR mladeze 2019 - H14"]
[Site "Kouty nad Desnou"]
[Date "2019.03.16"]
[Round "9"]
[White "Petricek, Lukas"]
[Black "Vantuch, Lucian"]
[Result "1/2-1/2"]
[WhiteElo "1879"]
[BlackElo "1978"]
[EventDate "2019.03.09"]

1. e4  c5  2. c3  Nf6
3. e5 Nd5  4. d4  cxd4
5. Nf3  e6  6. cxd4
d6  7. exd6  Bxd6
8. Bd3  Qc7  9. O-O
Nd7  10. Nbd2  O-O
11. Ne4  Be7  12. Re1
a6  13. a3  N7f6
14. Bg5  Nxe4  15. Bxe7
Qxe7  16. Bxe4  Rd8
17. Qb3  Qd6  18. Rac1
b5  19. Rc5  Bb7
20. Rec1  Rab8  21. Qc2
h6  22. b4  Ne7
23. Rc7  Bxe4  24. Qxe4  Rd7
25. Rxd7  Qxd7  26. Qe5
Rb6  27. Rc7  Qd8
28. Qc5  Rd6  29. g3
Kh7  30. Qa7  Nc6
31. Qb7  Nxd4  32. Nxd4
Rxd4  33. Rxf7  Rd1+
34. Kg2  Qd5+  35. Qxd5
Rxd5  36. Ra7  Rd6
37. Kh3  Kg6  38. Kg4
Kf6  39. h4  g6
40. h5  gxh5+  41. Kxh5  Rd2
42. Ra8  Ra2  43. Rxa6
Rxf2  44. Kg4  Rf5
45. Ra8  h5+  46. Kh4
e5  47. g4  hxg4
48. Kxg4  Rf4+  49. Kg3
Kf5  50. Rf8+  Ke4
51. Rb8  Rf3+  52. Kg2
Rxa3  53. Rxb5  Rb3
54. Kf2  Rb2+  55. Ke1
Kd4  56. Rb8  Kc4
1/2-1/2

[Event "MCR mladeze 2019 - H14"]
[Site "Kouty nad Desnou"]
[Date "2019.03.16"]
[Round "9"]
[White "Rokos, Filip"]
[Black "Prochazka, Vojtech"]
[Result "1/2-1/2"]
[WhiteElo "1848"]
[BlackElo "1686"]
[EventDate "2019.03.09"]

1. e4  c5  2. Nf3  e6
3. d4  cxd4  4. Nxd4
Nf6  5. Nc3  Nc6
6. Nxc6  bxc6  7. e5
Nd5  8. Ne4  Qc7
9. f4  Qb6  10. c4
Bb4+  11. Ke2  f5
12. Nf2  Nc7  13. Be3
Bc5  14. Bxc5  Qxc5
15. Kf3  Qe7  16. Qd2
Kf7  17. Rd1  Rd8
18. Nd3  c5  19. Kf2
Bb7  20. Be2  Kg8
21. Qa5  Na6  22. Bf3
d6  23. Bxb7  Qxb7
24. b3  Qb6  25. Qxb6
axb6  26. exd6  Rxd6
27. Nb2  Rad8  28. Rxd6
Rxd6  29. Rd1  Rxd1 30. Nxd1
Nb4  31. Nc3  Kf7
32. Ke3  Ke7  33. Kd2
Kd6  34. Nb5+  Kd7
35. Nc3  Kd6  36. Nb5+
Kd7  37. Nc3  Kd6
38. a3  Nc6  39. Na4
1/2-1/2

[Event "MCR mladeze 2019 - H14"]
[Site "Kouty nad Desnou"]
[Date "2019.03.16"]
[Round "9"]
[White "Ret, Adam Josef"]
[Black "Flajsman, Petr"]
[Result "1-0"]
[WhiteElo "1888"]
[BlackElo "1826"]
[EventDate "2019.03.09"]

1. d4  d6  2. Nf3  g6
3. Bf4  Nf6  4. e3
Bg7  5. h3  O-O
6. Bc4  Nbd7  7. O-O  Nb6
8. Be2  Bf5  9. Nbd2
h5  10. Re1  Nbd5
11. Bg5  Nb6  12. Bf1
d5  13. Bf4  Re8
14. Rc1  Ne4  15. c3
c6  16. Nxe4  dxe4
17. Nd2  e5  18. Bxe5
Bxe5  19. dxe5  Rxe5
20. Nc4  Nxc4  21. Bxc4
b5  22. Qxd8+  Rxd8
23. Bb3  Re7  24. Red1
Red7  25. Rxd7  Rxd7
26. Rd1  Rxd1+  27. Bxd1
Be6  28. a4  a6
29. Kh2  h4  30. f4  f6
31. Bc2  Bd5  32. Bd1
Be6  33. a5  c5
34. g3  g5  35. fxg5  fxg5
36. Bh5  Bf7  37. Bg4
Bc4  38. b4  cxb4
39. cxb4  Kf7  40. Bc8
Ke7  41. Bxa6  Kd7
42. Bb7  Bd3  43. Bd5
Kc7  44. gxh4  gxh4
45. Kg1  Kc8  46. Kf2
Kb8  47. Ke1  Kc7
48. Kd2  Bf1  49. Be6
1-0

[Event "MCR mladeze 2019 - H14"]
[Site "Kouty nad Desnou"]
[Date "2019.03.16"]
[Round "9"]
[White "Vylicil, Adam"]
[Black "Hlavina, Matous"]
[Result "1-0"]
[WhiteElo "1468"]
[BlackElo "1985"]
[EventDate "2019.03.09"]

1. d4  Nf6  2. Bg5  Ne4
3. Bf4  e6  4. f3
Bb4+  5. c3 Bd6  6. Bxd6
Nxd6 7. e4 f5  8. Nd2  b6
9. Qc2  Bb7  10. O-O-O
Qg5  11. Bd3  g6
12. Ne2  Nc6  13. g3
O-O-O  14. e5  Nf7
15. h4  Qe7  16. Qa4
Kb8  17. Ba6  Ba8
18. Rhf1  g5  19. hxg5
Qxg5  20. Bb5  h5
21. f4  Qg4  22. Rh1
Ne7  23. Rh4  Qg6
24. Rf1  Nc6  25. Rfh1
Rh6  26. R1h2  Qh7
27. c4  Ne7  28. Bxd7
c6  29. Bxe6  Rxe6
30. Rxh5  Rh6  31. Rxh6
Nxh6  32. Nf3  Qg6
33. Ng5  Nf7  34. Nxf7
Qxf7  35. Qc2  Ng6
36. g4  Rf8  37. g5
Rd8  38. Kd2  Qd7
39. Ke3  Bb7  40. Qc3
Ba6  41. Rh6  Qf7
42. b3  Bc8  43. Qe1
Rg8  44. Qh1  Bb7
45. Qh5  Rg7  46. Nc3
Ne7  47. Qh2  Rg6
48. Qh5  Rg7  49. Qh2
Ng8  50. Rh4  a6
51. Na4  Qc7  52. Qh3
Bc8  53. Qh1  Be6
54. Qh2  Ka7  55. Qh1
Qd7  56. Qh2  Ne7
57. Rh6  Ng6  58. c5
b5  59. Nb6  Qc7
60. Qh5  Qf7  61. Qh2
Kb7  62. Qh3  Qe7
63. Qh5  Bf7  64. Qh2
Be8  65. Kf3  Bf7
66. Ke3  Bg8  67. Qh5
Qf7  68. Kf3  Qe6
69. Ke3  Bf7  70. Qh1
Qe8  71. Kd3  Nxf4+
72. Ke3  Nd5+  73. Nxd5
Bxd5  74. Qh4  Qg8
75. Kf4  Be4  76. g6
Qe6  77. Qf6  Qe7
78. Qxg7  Qxg7  79. Rh7
Kc8  80. Rxg7  Kd8
81. Rf7  Ke8  82. Rxf5
Bd5  83. g7  Ke7
84. Rf8  1-0

[Event "MCR mladeze 2019 - H14"]
[Site "Kouty nad Desnou"]
[Date "2019.03.16"]
[Round "9"]
[White "Nezval, Filip"]
[Black "Sedy, Matej"]
[Result "1-0"]
[WhiteElo "1847"]
[BlackElo "1367"]
[EventDate "2019.03.09"]

1. d4  d5  2. c4  e6
3. Nc3  c5  4. cxd5
cxd4  5. Qxd4  Nc6
6. Qd1  exd5  7. Qxd5
Be6  8. Qxd8+  Rxd8
9. e3  Nb4  10. Bb5+
Ke7  11. Ke2  f5
12. a3  Nc2  13. Rb1
Nf6  14. Bd3  Bb3
15. Bd2  Ne4  16. Nxe4
fxe4  17. Bxe4  Kf7
18. Rc1  Nd4+  19. exd4
Rxd4  20. Bd3  Bd5
21. Nf3  Bxf3+  22. gxf3
Rd7  23. Be3  a6
24. Rhd1  Re7  25. Rc8
g6  26. Bc4+  Kf6
27. Kf1  Kf5  28. Rdd8
Bg7  29. Rxh8  Bxh8
30. Rxh8  Rd7  31. Rf8+
Ke5  32. f4+  Ke4
33. Re8+  Kf3  34. Be2# 1-0

[Event "MCR mladeze 2019 - H16"]
[Site "Kouty nad Desnou"]
[Date "2019.03.16"]
[Round "9"]
[White "Martirosyan, Ara"]
[Black "Placer, Sebastian"]
[Result "1/2-1/2"]
[WhiteElo "1885"]
[BlackElo "1947"]
[EventDate "2019.03.09"]

1. d4  Nf6  2. Nf3  g6
3. Bf4  Bg7  4. e3
d5  5. Be2  O-O
6. h3  c5  7. O-O  b6
8. Nbd2  Bb7  9. c3
Nc6  10. Ne5  Nd7
11. Nxd7  Qxd7  12. Bg3
e5  13. dxe5  Nxe5
14. Nf3  Rfe8  15. Nxe5
Bxe5  16. Bxe5  Rxe5
17. Bf3  Rd8  18. Rc1
Re7  19. Qd2  1/2-1/2

[Event "MCR mladeze 2019 - H16"]
[Site "Kouty nad Desnou"]
[Date "2019.03.16"]
[Round "9"]
[White "Polansky, Adam Lubos"]
[Black "Mica, Marek"]
[Result "1/2-1/2"]
[WhiteElo "2018"]
[BlackElo "2240"]
[EventDate "2019.03.09"]

1. d4  Nf6  2. c4  e6
3. g3  Bb4+  4. Bd2
Be7  5. Bg2  d5
6. Nf3  c6  7. O-O  O-O
8. Bf4  Nbd7  9. Nbd2
b6  10. Qc2  Ba6
11. Rfe1  Nh5  12. Ne5
Nxe5  13. Bxe5  f6
14. Bf4  Nxf4  15. gxf4
f5  16. e3  Bb4
17. cxd5  cxd5  18. Red1  Qe7
19. a3  Bxd2  20. Qxd2
Rfc8  21. Rdc1  Qd7
22. Rxc8+  Rxc8  23. Rc1
h6  24. Rc3  Rxc3
25. Qxc3  Qa4  26. Bf3
Qb5  27. Qc1  Qd3
28. Kg2  Kh7  29. Bh5
Bc4  30. Qd1  g6
31. Qxd3  Bxd3  32. Bd1
Kg7  33. Ba4  b5
34. Bd1  a5  35. b4
a4  36. Kg3  Kf6
37. h4  Bc4  38. Kh3
Bb3  39. Be2  Bc4
40. Bd1  Bf1+  41. Kg3
g5  42. fxg5+  hxg5
43. hxg5+  Kxg5  44. f4+
Kf6  45. Bh5  Bc4
1/2-1/2

[Event "MCR mladeze 2019 - H16"]
[Site "Kouty nad Desnou"]
[Date "2019.03.16"]
[Round "9"]
[White "Fojt, Petr"]
[Black "Szotkowski, David"]
[Result "1-0"]
[WhiteElo "2058"]
[BlackElo "1709"]
[EventDate "2019.03.09"]

1. e4  c6  2. c4  g6
3. Nc3  Bg7  4. d4
d6  5. Be3  f5
6. exf5  Bxf5  7. h3  Be6
8. g4  Qa5  9. Qd2
Nd7  10. Bd3  O-O-O 11. Nge2
c5  12. f4  h5
13. d5  Bf7  14. O-O-O  Nh6
15. Rhg1  hxg4  16. hxg4
e6  17. dxe6  Bxe6
18. Bxg6  Nxg4  19. f5
Nxe3  20. fxe6  Nxd1
21. exd7+  Rxd7  22. Qxd1
Kb8  23. Bf5  Bh6+
24. Kb1  Rdd8  25. Rg6
Rhf8  26. Rxd6  Qc7
27. Rxd8+  Rxd8  28. Nd5
Qe5  29. Bd3  Rf8
30. Qg1  Bg7  31. Nec3
Rf3  32. Be4  Rf7
33. Qxc5  Rf1+  34. Kc2
Qh2+  35. Kb3  Rf2
36. Qe7  Qh8  37. Qc7+
1-0

[Event "MCR mladeze 2019 - H16"]
[Site "Kouty nad Desnou"]
[Date "2019.03.16"]
[Round "9"]
[White "Nemec, David"]
[Black "Barak, David"]
[Result "1-0"]
[WhiteElo "1895"]
[BlackElo "2019"]
[EventDate "2019.03.09"]

1. e4  c5  2. Nf3  a6
3. c3  g6  4. d4
cxd4  5. cxd4  d5
6. exd5  Nf6  7. Nc3
Nxd5  8. Bc4  Nf6
9. Qb3  e6  10. d5
exd5  11. Bxd5  Nxd5
12. Nxd5  Bg7  13. Nb6
Ra7  14. Be3  Be6
15. Qa4+  Nc6  16. Rd1
Qe7  17. O-O  O-O
18. Rfe1  Qc7  19. Nd4
Nxd4  20. Bxd4  Qc6
21. Qb4  a5  22. Qc5
Bxd4  23. Qxd4  Ra6
24. Na4  Qc4  25. Nc5
Qxd4  26. Rxd4  Rb6
27. Nxe6  fxe6  28. Re2
Kg7  29. f3  Rf7
30. Kf2  Kf6  31. Kg3
Rc7  32. b3  e5
33. Rd5  Re7  34. Rxa5  Ree6
35. Re4  Rbc6  36. Rd5
Rcd6  37. Rexe5  Rxd5
38. Rxd5  h5  39. Rb5
Re7  40. h4  Rc7
41. Kf4  Re7  42. Rb6+
Kg7  43. a4  Kh6
44. b4  Re2  45. g4
Re7  46. g5+  Kg7
47. a5  Rc7  48. b5
Rc4+  49. Ke5  Rxh4
50. Rxb7+  Kg8  51. a6
Rh1  52. a7  Re1+
1-0

[Event "MCR mladeze 2019 - H16"]
[Site "Kouty nad Desnou"]
[Date "2019.03.16"]
[Round "9"]
[White "Volak, Simon"]
[Black "Krizek, Krystof"]
[Result "1-0"]
[WhiteElo "1843"]
[BlackElo "1804"]
[EventDate "2019.03.09"]

1. c4  c5  2. Nc3  Nc6
3. g3  e5  4. Bg2
g6  5. e3  Bg7
6. Nge2  Nge7  7. O-O  O-O
8. a3  d6  9. d3
a5  10. Bd2  Be6
11. Nd5  e4  12. Bxe4
Bxb2  13. Rb1  Bxa3
14. Nf6+  Kg7  15. Bc3
Bb4  16. Bb2  Kh6
17. g4  g5  18. f4
gxf4  19. g5+  Kg7
20. Nxf4  Rh8  21. Nxh7+
Ne5  22. Nh5+  Kg8
23. N5f6+  Kg7  24. Qh5
Ng8  25. Rf2  Qc8
26. Rg2  Bf5  27. Bxf5
Qxf5  28. Rf1  Rxh7
29. Nxh7  Qg6  30. Qxg6+
fxg6  31. Bxe5+  dxe5
32. Nf6  Nxf6  33. Rxf6
Rd8  34. Rb6  Rd7
35. Ra2  Rf7  36. Kg2
Rd7  37. Kf3  Rxd3
38. Rxb7+  Kf8  39. Ke4
Rc3  40. Rf2+  Kg8
41. Rff7  Rxc4+  42. Kxe5
Bc3+  43. Kd5  Rg4
44. h4  Rb4  45. Kxc5
Rxb7  46. Rxb7  Be1
47. Ra7  Bxh4  48. Rxa5
Bxg5  49. e4  Kf7
50. Kd5  Be7  51. e5
Kf8  52. Ke6  Bh4
53. Kd7  g5  54. e6
g4  55. Ra4  1-0

[Event "MCR mladeze 2019 - H16"]
[Site "Kouty nad Desnou"]
[Date "2019.03.16"]
[Round "9"]
[White "Glozar, Petr"]
[Black "Stinka, Jakub"]
[Result "0-1"]
[WhiteElo "1883"]
[BlackElo "2196"]
[EventDate "2019.03.09"]

1. d4  e6  2. c4  b6
3. Nc3  Bb7  4. e3
Nf6  5. Nf3  d5
6. Bd3  Nbd7  7. O-O  a6
8. Qe2  Ne4  9. Nd2
Nxc3  10. bxc3  Bd6
11. cxd5  exd5  12. e4
O-O  13. e5  Be7
14. Qh5  g6  15. Qh3
f5  16. f4  b5
17. g4  fxg4  18. Qxg4  Kh8
19. Kh1  Bc8  20. Qg2
Nb6  21. Nb3  Bf5
22. Bxf5  Rxf5  23. Na5
Qd7  24. Bd2  Raf8
25. Rae1  Qe6  26. Bc1
Rh5  27. Rg1  Na4
28. Bd2  Rff5  29. Nb3
Nb2  30. Nc1  Rh4
31. Qf2  Nc4  32. Rg2
Rh3  33. Reg1  Rfh5
34. Nb3  Qf5  35. Nc1
Qe4  0-1

[Event "MCR mladeze 2019 - H16"]
[Site "Kouty nad Desnou"]
[Date "2019.03.16"]
[Round "9"]
[White "Ocko, Dominik"]
[Black "Hofman, Krystof"]
[Result "1/2-1/2"]
[WhiteElo "1914"]
[BlackElo "2012"]
[EventDate "2019.03.09"]

1. e4  c5  2. Nf3  e6
3. d4  cxd4  4. Nxd4
a6  5. Bd3  Be7
6. O-O  d6  7. Be3  Nf6
8. c4  O-O  9. Nc3
Nbd7  10. f4  Qc7
11. Rc1  b6  12. b4
Bb7  13. f5  exf5
14. Nd5  Qd8  15. Nxf5
Nxd5  16. exd5  a5
17. Qg4  g6  18. Bd4
Ne5  19. Nh6+  Kg7
20. Nf5+  Kg8  21. Qg3
f6  22. Kh1  axb4
23. Rf4  Nxd3  24. Nxe7+
Qxe7  25. Qxd3  f5
26. Qb3  Rfe8  27. Bxb6
Qg5  28. Rcf1  Re2
29. R4f2  Rxf2  30. Bxf2
Qd2  31. a4  Rc8
32. Kg1  Qc3  33. Qxc3
bxc3  34. c5  Bxd5
35. cxd6  c2  36. Be3
Kf7  1/2-1/2

[Event "MCR mladeze 2019 - H16"]
[Site "Kouty nad Desnou"]
[Date "2019.03.16"]
[Round "9"]
[White "Pavlicek, Lukas"]
[Black "Vorisek, Jakub"]
[Result "1/2-1/2"]
[WhiteElo "2003"]
[BlackElo "2077"]
[EventDate "2019.03.09"]

1. c4  e6  2. Nf3  d5
3. cxd5  exd5  4. d4
c5  5. Nc3  Nc6
6. g3  Nf6  7. Bg2  Be7
8. O-O  O-O  9. dxc5
Bxc5  10. Na4  Be7
11. Be3  Bg4  12. h3
Bxf3  13. Bxf3  Rc8
14. Rc1  Qa5  15. a3
Rfd8  16. Nc5  Qb5
17. Qb3  Qxb3  18. Nxb3
b6  19. Nd4  Nxd4
20. Bxd4  Rc4  21. Be3
Rdc8  22. b3  Rxc1
23. Rxc1  Rxc1+  24. Bxc1
Kf8  25. a4  Bc5
26. Bb2  Ne4  27. Bxe4
dxe4  28. Kg2  g6
29. f3  f5  30. fxe4
fxe4  31. g4  Kf7
32. Kg3  Bd6+  33. Kf2
Ke6  34. Ke3  Kd5
35. Bc3  Be5  36. Bxe5
Kxe5  37. g5  a5
38. h4  Kd5  39. Kd2
Ke5  40. Kc3  Kd5
1/2-1/2

[Event "MCR mladeze 2019 - H16"]
[Site "Kouty nad Desnou"]
[Date "2019.03.16"]
[Round "9"]
[White "Hurtik, Matej"]
[Black "Zeman, Daniel"]
[Result "1/2-1/2"]
[WhiteElo "1959"]
[BlackElo "1804"]
[EventDate "2019.03.09"]

1. e4  c5  2. c3  d5
3. exd5  Qxd5  4. d4
cxd4  5. cxd4  Nc6
6. Nf3  e6  7. Be2
Nf6  8. O-O  Be7
9. Nc3  Qa5  10. a3
O-O  11. Be3  Nd5
12. Rc1  Nxc3  13. Rxc3
Bf6  14. b4  Qd8
15. Rd3  Ne7  16. Ne5
Nd5  17. Bf3  b6
18. Nc6  Qd6  19. Qa4
a6  20. Rc1  Bb7
21. Bxd5  Qxd5  22. Rdc3
Rac8  23. f3  h6
24. Qc2  Rfe8  25. Qe4
Qd6  26. Bf4  Qd5
27. Qxd5  exd5  28. Be5
Rxc6  29. Rxc6  Bxe5
30. dxe5  Bxc6  31. Rxc6
Rxe5  32. Rxb6  a5
33. Rb5  axb4  34. axb4
Re1+  35. Kf2  Rb1
36. Ke3  Kf8  37. Kd4
Rd1+  38. Kc3  Ke7
39. Rb6  1/2-1/2

[Event "MCR mladeze 2019 - H16"]
[Site "Kouty nad Desnou"]
[Date "2019.03.16"]
[Round "9"]
[White "Kucera, Tomas"]
[Black "Tajovsky, Matej"]
[Result "1-0"]
[WhiteElo "1904"]
[BlackElo "1810"]
[EventDate "2019.03.09"]

1. Nf3  d5  2. g3  Nf6
3. Bg2  e6  4. O-O
b6  5. d4  Bb7
6. c4  Nbd7  7. cxd5  exd5
8. Nc3  Be7  9. Bf4
O-O  10. Rc1  c5
11. Qc2  Rc8  12. Rfd1
Ne4  13. Qa4  cxd4
14. Nxe4  dxe4  15. Rxc8
Qxc8  16. Nxd4  Nc5
17. Qxa7  Bd8  18. b4
Na6  19. Nb5  Qa8
20. Qxa8  Bxa8  21. a3
Bf6  22. Rd6  Nb8
23. Rxb6  Nd7  24. Rd6
Ne5  25. Nc7  Bb7
26. Nd5  Nc4  27. Nxf6+
gxf6  28. Rd7  Bc6
29. Rc7  1-0

[Event "MCR mladeze 2019 - H16"]
[Site "Kouty nad Desnou"]
[Date "2019.03.16"]
[Round "9"]
[White "Travnicek, Krystof Mikulas"]
[Black "Nytra, Ondrej"]
[Result "1/2-1/2"]
[WhiteElo "1968"]
[BlackElo "1998"]
[EventDate "2019.03.09"]

1. c4  e5  2. Nc3  Nf6
3. Nf3  Nc6  4. e4
Bc5  5. Nxe5  Nxe5
6. d4  Bb4  7. dxe5
Nxe4  8. Qd4  Ng5
9. Be3  b6  10. O-O-O
Ne6  11. Qd3  Bxc3
12. Qxc3  Bb7  13. f4
g6  14. Qc2  Qe7
15. Bd3  O-O-O  16. Be4
f5  17. exf6  Qxf6
18. Bxb7+  Kxb7  19. Qe4+
Kb8  20. Bd4  Nxd4
21. Qxd4  Qxd4  22. Rxd4
Rhe8  23. Rhd1  d6
24. g3  Kb7  25. Kd2
Kc6 26. Re1  Rxe1  27. Kxe1
Re8+  28. Kd2  Kc5
29. Kd3  Re1  30. Rd5+
Kb4  31. Rb5+  Ka4
32. f5  c6  33. Rb3
gxf5  34. Ra3+  Kb4
35. Rxa7  Rd1+  1/2-1/2

[Event "MCR mladeze 2019 - H16"]
[Site "Kouty nad Desnou"]
[Date "2019.03.16"]
[Round "9"]
[White "Kubice, Jakub"]
[Black "Novotny, Ondrej"]
[Result "1-0"]
[WhiteElo "1605"]
[BlackElo "1933"]
[EventDate "2019.03.09"]

1. d4  Nf6  2. Nf3  e6
3. c4  d5  4. g3
c5  5. cxd5  exd5
6. Bg2  Nc6  7. Nc3
cxd4 8. Nxd4  Bc5  9. Nb3
Bb4  10. O-O Be6 11. Be3  O-O
12. Nb5  a6  13. N5d4
Rc8  14. Rc1  Qe7
15. Nxc6  Rxc6  16. Rxc6
bxc6  17. Qc2  Nd7
18. Qxc6  a5  19. a3
Bd6  20. Nxa5  Rb8
21. Bd4  Ne5 22. Qc3  Rc8
23. Qd2 Qc7  24. f4  Nc4 25.
Nxc4  dxc4  26. Qc3  f6
27. Rd1  Rd8  28. Bf2
Kf7  29. e4  g6
30. Rd2  Rb8  31. Qf3 Rb3 32. Qd1
Be7  33. Bd4  Qb8
34. Qe2  Qb5  35. Qf2
Bxa3  36. bxa3  Rb1+
37. Bf1  Bh3  38. Rb2
c3  39. Rxb5  c2
40. Be3  1-0

[Event "MCR mladeze 2019 - FIDE Open"]
[Site "Kouty nad Desnou"]
[Date "2019.03.16"]
[Round "9"]
[White "Lorenc, Tomas"]
[Black "Sikorova, Olga"]
[Result "1/2-1/2"]
[WhiteElo "2173"]
[BlackElo "2241"]
[EventDate "2019.03.09"]

1. c4  Nf6  2. g3  g6
3. Bg2  Bg7  4. Nc3
O-O  5. Nf3  d6
6. O-O  Nc6  7. d3  e5
8. Rb1  a5  9. a3
h6  10. b4  axb4
11. axb4  Be6  12. b5
Ne7  13. Bb2  Nd7
14. Ne1  c6  15. Nc2
f5  16. Nb4  Qc7
17. Qd2  Nc5  18. e3
Na4  19. Rfc1  Nxb2
20. Qxb2  f4  21. bxc6
bxc6  22. Ncd5  Bxd5
23. cxd5  c5  24. Nc6
f3  25. Nxe7+  Qxe7
26. Bf1  Ra7  27. Qc3
1/2-1/2

[Event "MCR mladeze 2019 - FIDE Open"]
[Site "Kouty nad Desnou"]
[Date "2019.03.16"]
[Round "9"]
[White "Langner, Ladislav"]
[Black "Vlkova, Anezka"]
[Result "1-0"]
[WhiteElo "2382"]
[BlackElo "1951"]
[EventDate "2019.03.09"]

1. d4  Nf6  2. Bg5  g6
3. Bxf6  exf6  4. c4
Bg7  5. Nc3  f5
6. g3  O-O  7. e3  d6
8. Bg2  Nd7  9. Nge2
Rb8  10. Nf4  Nf6
11. Nfd5  Nxd5  12. cxd5
Bd7  13. O-O  c6
14. Qa4  Qb6  15. Rac1
Rfc8  16. Rc2  Qd8
17. dxc6  bxc6  18. Rfc1
a5  19. Qa3  Rb4
20. Ne2  c5  21. dxc5
dxc5  22. Nf4  c4
23. Nd5  Ra4  24. Qd6
Be6  25. Ne7+  Kh8
26. Nxc8  Qxc8  27. b3
Rb4  28. bxc4  1-0

[Event "MCR mladeze 2019 - FIDE Open"]
[Site "Kouty nad Desnou"]
[Date "2019.03.16"]
[Round "9"]
[White "Kubicek, Antonin"]
[Black "Hanl, Frantisek"]
[Result "0-1"]
[WhiteElo "2111"]
[BlackElo "2137"]
[EventDate "2019.03.09"]

1. c4  e5  2. Nc3  Nc6
3. g3  g6  4. Bg2
Bg7  5. Rb1  f5
6. b4  Nf6  7. d3  O-O
8. f4  d6  9. Nd5
Nd4  10. e3  Ne6
11. Nf3  exf4  12. Nxf6+
Bxf6  13. exf4  a5
14. b5  Nd4  15. O-O
Re8  16. Re1  Bd7
17. Bb2  Ne6  18. Qc2
c6  19. Bxf6  Qxf6
20. Qb2  Qxb2  21. Rxb2
Nc5  22. Rbb1  cxb5
23. cxb5  b6  24. Nd4
Rxe1+  25. Rxe1  Re8
26. Bd5+  Kg7  27. Rxe8
Bxe8  28. Kf1  Nxd3
29. Ne6+  Kf6  30. Nc7
Ke7  31. Bc4  Nb2
32. Nd5+  Kd8  33. Be2
Bf7  34. Bf3  Na4
35. a3  Bxd5  36. Bxd5
Nc3  37. Bc4  d5
38. Bd3  Ke7  39. Kf2
Kd6  40. g4  Ne4+
41. Ke3  fxg4  42. Be2
h5  43. Bd3  h4
44. Be2  g3  45. hxg3  Nxg3
46. Bg4  Nf5+  47. Kf3
0-1

[Event "MCR mladeze 2019 - FIDE Open"]
[Site "Kouty nad Desnou"]
[Date "2019.03.16"]
[Round "9"]
[White "Novotna, Tereza"]
[Black "Londin, Simon"]
[Result "0-1"]
[WhiteElo "1846"]
[BlackElo "2125"]
[EventDate "2019.03.09"]

1. d4  Nf6  2. Bf4  c5
3. d5  b5  4. Nd2
Nxd5  5. Bxb8  Rxb8
6. Nb3  e6  7. e4
Nf6  8. e5  Nd5
9. c4  bxc4  10. Bxc4  Qg5
11. Nf3  Qxg2  12. Rg1
Qh3  13. Bxd5  exd5
14. Qxd5  Bb7  15. Qxf7+
Kxf7  16. Ng5+  Kg8
17. Nxh3  Bd5  18. O-O-O
Be6  19. Ng5  Bf5
20. Rge1  Be7  21. f4
Rb4  22. Nd2  Rxf4
23. Nge4  Kf7  24. Rf1
Rxf1  25. Rxf1  Ke6
26. Rg1  g6  27. Ng3
Bg5  28. Nxf5  Bxd2+
29. Kxd2  Kxf5  30. Rc1
Rc8  31. b4  c4
32. Kc3  Kxe5  33. Re1+  Kf6
34. Rf1+  Kg5  35. Rf7
Rc7  36. Rxh7  Kf6
37. h4  Kf5  38. Rg7
a6  39. a4  Rb7
40. Kxc4  d5+  0-1

[Event "MCR mladeze 2019 - FIDE Open"]
[Site "Kouty nad Desnou"]
[Date "2019.03.16"]
[Round "9"]
[White "Nagy, Ladislav"]
[Black "Pycha, Patrik"]
[Result "1/2-1/2"]
[WhiteElo "1923"]
[BlackElo "2027"]
[EventDate "2019.03.09"]

1. e4  e6  2. d3  d5
3. Nd2  Nf6  4. Ngf3
Nc6  5. c3  a5
6. Qc2  e5  7. exd5  Nxd5
8. Nc4  Bd6  9. g3
Bf5  10. Ne3  Nxe3
11. Bxe3  Qe7  12. Bg2
O-O  13. O-O  Rad8
14. Ng5  h6  1/2-1/2